„Sudden Death: Fußballvereine über 1 Milliarde € Marktwert - Statistiken

Allgemein
  • Dieses Quiz wurde 108 mal gespielt
  • Das Durchschnittsergebnis liegt bei 4 aus 7
Answers on the Grid
Answers color-coded by a green-red scale on the quiz's grid according to % correct below.
Real Madrid CF
Inter Mailand
Arsenal FC
FC Bayern München
Paris Saint Germain
Chelsea FC
Manchester City
Juventus Turin
Atletico Madrid
Liverpool FC
Borussia Dortmund
Tottenham Hotspur
Benfica Lissabon
RB Leipzig
Manchester United
Athletic Bilbao
AC Mailand
Olympique Marseille
RC Lens
Bayer 04 Leverkusen
FC Barcelona
 
Antwortstatistiken
Antwort % Korrekt
Real Madrid CF
76%
Manchester City
71%
Paris Saint Germain
64%
FC Barcelona
62%
Liverpool FC
62%
Arsenal FC
42%
Chelsea FC
36%
Keine übereinstimmenden Quizze gefunden
Verteilung der Resultate
Anzahl Personen mit jedem Resultat
Perzentil nach korrekt beantworteten Fragen
Ihre Resultats-Entwicklung
Sie haben dieses Quiz noch nicht gespielt